From clockwork to crapshoot : (Record no. 8661)
[ view plain ]
| 000 -LEADER | |
|---|---|
| fixed length control field | 00717cam a22002294a 4500 |
| 001 - CONTROL NUMBER | |
| control field | 14350947 |
| 003 - CONTROL NUMBER IDENTIFIER | |
| control field | OSt |
| 005 - DATE AND TIME OF LATEST TRANSACTION | |
| control field | 20240619122035.0 |
| 008 - FIXED-LENGTH DATA ELEMENTS--GENERAL INFORMATION | |
| fixed length control field | 060424s2007 mauab b 001 0 eng |
| 010 ## - LIBRARY OF CONGRESS CONTROL NUMBER | |
| LC control number | 2006043583 |
| 020 ## - INTERNATIONAL STANDARD BOOK NUMBER | |
| International Standard Book Number | 0674023374 |
| 020 ## - INTERNATIONAL STANDARD BOOK NUMBER | |
| International Standard Book Number | 9780674023376 |
| 040 ## - CATALOGING SOURCE | |
| Original cataloging agency | MUST |
| Transcribing agency | MUST |
| 082 00 - DEWEY DECIMAL CLASSIFICATION NUMBER | |
| Classification number | 530.09 NEW 2007 |
| 100 1# - MAIN ENTRY--PERSONAL NAME | |
| Personal name | Newton, Roger G. |
| 9 (RLIN) | 17518 |
| 245 10 - TITLE STATEMENT | |
| Title | From clockwork to crapshoot : |
| Remainder of title | a history of physics / |
| Statement of responsibility, etc. | Roger G. Newton. |
| 260 ## - PUBLICATION, DISTRIBUTION, ETC. (IMPRINT) | |
| Place of publication, distribution, etc. | Cambridge, Mass. : |
| Name of publisher, distributor, etc. | Belknap Press of Harvard University Press, |
| Date of publication, distribution, etc. | 2007. |
| 300 ## - PHYSICAL DESCRIPTION | |
| Extent | viii, 340 p. : |
| Other physical details | ill., map ; |
| Dimensions | 22 cm. |
| 504 ## - BIBLIOGRAPHY, ETC. NOTE | |
| Bibliography, etc | Includes bibliographical references and index. |
| 650 #0 - SUBJECT ADDED ENTRY--TOPICAL TERM | |
| Topical term or geographic name as entry element | Physics |
| General subdivision | History. |
| 9 (RLIN) | 7965 |
| 942 ## - ADDED ENTRY ELEMENTS (KOHA) | |
| Source of classification or shelving scheme | Dewey Decimal Classification |
| Koha item type | Open Shelf |
| Withdrawn status | Lost status | Source of classification or shelving scheme | Damaged status | Not for loan | Home library | Current library | Source of acquisition | Inventory number | Total Checkouts | Full call number | Barcode | Date last seen | Koha item type |
|---|---|---|---|---|---|---|---|---|---|---|---|---|---|
| Other/Generic Classification Scheme | MUST Main Library | MUST Main Library | Donation | 09/31213 | 530.09 NEW 2007 | 2024-20926 | 19/06/2024 | Open Shelf |
